Normal view
MARC view
- A......Z
Entry Personal Name
001 - CONTROL NUMBER
- control field: 104059
003 - CONTROL NUMBER IDENTIFIER
- control field: NUST
005 - DATE AND TIME OF LATEST TRANSACTION
- control field: 20221202183851.0
008 - FIXED-LENGTH DATA ELEMENTS
- fixed length control field: 221202|| aca||aabn | a|a d
040 ## - CATALOGING SOURCE
- Original cataloging agency: NUST
- Transcribing agency: NUST
100 ## - HEADING--PERSONAL NAME
- Personal name: A......Z
670 ## - SOURCE DATA FOUND
- Source citation: Work cat.: (NUST)182297: A......Z, Up-to-date world's transistors-diodes-thyristors & IC 's comparison tables a.....z, 2003
